Optimización del proceso de enraizamiento en esquejes de clavel a través de diferentes orígenes, concentraciones y formas de aplicación de hormona enraizante: ácido indol butirico, IBA

Salvato in:
Dettagli Bibliografici
Autore principale: Santos C., Marisol (Autore)
Natura: Libro
Lingua:spagnolo
Pubblicazione: Valparaíso Universidad Católica de Valparaíso 2001
Soggetti:
Tags: Aggiungi Tag
Nessun Tag, puoi essere il primo ad aggiungerne!!

MARC

LEADER 00000nam a2200000 a 4500
001 UCM6989
003 CL-VaPUC
008 021129e20010000CL |||||||||||||||||spa|d
082 0 4 |a 635.933530727  |b SAN  |2 21 
100 0 |a Santos C., Marisol  |e author  |9 472688 
245 1 0 |a Optimización del proceso de enraizamiento en esquejes de clavel a través de diferentes orígenes, concentraciones y formas de aplicación de hormona enraizante: ácido indol butirico, IBA 
300 |a 61 h 
942 |c BK 
945 |d 20021129 00:00:00  |a vberengu 
260 |a Valparaíso  |b Universidad Católica de Valparaíso  |c 2001 
500 |a Taller de Estadística, solicitado por Daniel Schmidt Q.; prof. guía: Renato Allende Olivares; Axa Rojas Durandeaux 
650 0 |a Floricultura  |9 264401 
650 7 |a CLAVEL  |2 CL-VaPUC  |9 401555 
650 7 |a DIANTHUS CARYOPHYLLUS  |2 CL-VaPUC  |9 467125 
650 0 |a Métodos estadísticos   |9 259407 
650 0 |a Análisis estadístico  |9 269506 
650 0 |a Estadística matemática  |9 260028 
583 |a last modification  |c 20180417 05:37:49  |k Rodrigo Vera 
999 |c 302026  |d 302024 
952 |0 0  |1 0  |2 ddc  |4 0  |6 635_933530727000000_SAN_2001  |7 0  |8 T  |9 362004  |a BIBGIM  |b BIBGIM  |d 2019-11-21  |i 3849090  |o 635.933530727 SAN 2001  |p 3849090  |r 2019-11-21  |w 2019-11-21  |y BK_F  |k EST